The History of Mathematics (Record no. 8936)
[ view plain ]
| 000 -LEADER | |
|---|---|
| fixed length control field | 00490nam a22001937a 4500 |
| 003 - CONTROL NUMBER IDENTIFIER | |
| control field | OSt |
| 005 - DATE AND TIME OF LATEST TRANSACTION | |
| control field | 20240626130833.0 |
| 008 - FIXED-LENGTH DATA ELEMENTS--GENERAL INFORMATION | |
| fixed length control field | 240626b |||||||| |||| 00| 0 eng d |
| 020 ## - INTERNATIONAL STANDARD BOOK NUMBER | |
| International Standard Book Number | 9780333427910 |
| 040 ## - CATALOGING SOURCE | |
| Transcribing agency | MUST |
| 082 ## - DEWEY DECIMAL CLASSIFICATION NUMBER | |
| Classification number | 510.1 FAV 1987 |
| 100 ## - MAIN ENTRY--PERSONAL NAME | |
| Personal name | Fauvel, John |
| 9 (RLIN) | 17092 |
| 245 ## - TITLE STATEMENT | |
| Title | The History of Mathematics |
| Remainder of title | A Reader |
| Statement of responsibility, etc. | Fauvel, John |
| 300 ## - PHYSICAL DESCRIPTION | |
| Extent | xxiv,628p. |
| Other physical details | ill. |
| Dimensions | 25cm |
| 504 ## - BIBLIOGRAPHY, ETC. NOTE | |
| Bibliography, etc | index |
| 650 ## - SUBJECT ADDED ENTRY--TOPICAL TERM | |
| Source of heading or term | Mathematics |
| 700 ## - ADDED ENTRY--PERSONAL NAME | |
| Personal name | Gray, Jeremy |
| 9 (RLIN) | 18094 |
| 942 ## - ADDED ENTRY ELEMENTS (KOHA) | |
| Source of classification or shelving scheme | Dewey Decimal Classification |
| Koha item type | Open Shelf |
| Withdrawn status | Lost status | Source of classification or shelving scheme | Damaged status | Not for loan | Home library | Current library | Date acquired | Source of acquisition | Inventory number | Total Checkouts | Full call number | Barcode | Date last seen | Price effective from | Koha item type |
|---|---|---|---|---|---|---|---|---|---|---|---|---|---|---|---|
| Dewey Decimal Classification | MUST Main Library | MUST Main Library | 26/06/2024 | Purchase | 02/17270 | 510.1 FAV 1987 | 2024-21451 | 26/06/2024 | 26/06/2024 | Open Shelf |
